[Event "CHI-ch"]
[Site "Santiago"]
[Date "2024.02.24"]
[Round "9"]
[White "Zenteno Castro, Pedro"]
[Black "Alarcon Careaga, Gustavo"]
[Result "0-1"]
[WhiteElo "1968"]
[BlackElo "2139"]
[PlyCount "68"]
[EventDate "2024.02.19"]
[EventType "swiss"]
[EventRounds "11"]
[EventCountry "CHI"]
[SourceTitle "CB09_2024"]
[SourceDate "2024.02.28"]
[SourceVersion "1"]
[SourceVersionDate "2024.02.28"]
[SourceQuality "1"]

1. e4 c5 2. Nf3 d6 3. d4 cxd4 4. Nxd4 Nf6 5. Nc3 a6 6. Bc4 e6 7. Bb3 Be7 8. Qe2 b5 9. a3 Qc7 10. Bg5 Nc6 11. Nxc6 Qxc6 12. 0-0 0-0 13. Rad1 Bb7 14. f3 h6 15. Bc1 Rac8 16. Kh1 Rfd8 17. Rd3 Nd7 18. Nd5 Bf8 19. Nf4 Nc5 20. Rdd1 Nxb3 21. cxb3 Qc2 22. Qe1 Qxb3 23. Qg3 Rc5 24. Nd3 Rxc1 25. Nxc1 Qxb2 26. Qf2 Qxa3 27. Qb6 Rd7 28. Nd3 d5 29. Ne5 Bc5 30. Nxd7 Bxb6 31. Nxb6 Qd6 32. exd5 exd5 33. Nxd5 Bxd5 34. Rd2 Qe6 0-1

[Event "Buenos Aires Magistral 3rd"]
[Site "Buenos Aires"]
[Date "2018.04.21"]
[Round "3"]
[White "Varacalli, Francisco"]
[Black "Alarcon Careaga, Gustavo"]
[Result "1/2-1/2"]
[WhiteElo "2285"]
[BlackElo "2134"]
[PlyCount "95"]
[EventDate "2018.04.19"]
[EventType "tourn"]
[EventRounds "9"]
[EventCountry "ARG"]
[EventCategory "1"]
[SourceTitle "CBM 184 Extra"]
[Source "ChessBase"]
[SourceDate "2018.06.28"]
[SourceVersion "1"]
[SourceVersionDate "2018.06.28"]
[SourceQuality "1"]

1. e4 c5 2. Nf3 e6 3. d4 cxd4 4. Nxd4 Nf6 5. Nc3 d6 6. Be2 a6 7. f4 Qc7 8. 0-0 Be7 9. Be3 0-0 10. Qe1 b5 11. a3 Bb7 12. Qg3 Nc6 13. Rae1 Kh8 14. Bd3 g6 15. Nf3 Rad8 16. f5 Ne5 17. Ng5 Bc8 18. Qh4 Rg8 19. Bd4 Rg7 20. Re3 Kg8 21. Bxe5 dxe5 22. Ref3 Qb6+ 23. Kh1 exf5 24. exf5 Bb7 25. R3f2 Rd4 26. Qg3 Ng4 27. f6 Bxf6 28. Rxf6 Nxf6 29. Qxe5 Qc6 30. Nge4 Nxe4 31. Bxe4 Rxe4 32. Nxe4 f5 33. Qb8+ Qc8 34. Qxc8+ Bxc8 35. Nc5 Re7 36. Kg1 Bd7 37. Kf2 f4 38. Rd1 Bf5 39. c3 a5 40. Rd4 g5 41. a4 bxa4 42. Rxa4 Bg4 43. Re4 Rc7 44. Ne6 Bxe6 45. Rxe6 Rb7 46. Re5 Rxb2+ 47. Kf3 g4+ 48. Kxg4 1/2-1/2

[Event "Buenos Aires Magistral 3rd"]
[Site "Buenos Aires"]
[Date "2018.04.20"]
[Round "2"]
[White "Alarcon Careaga, Gustavo"]
[Black "Perez Candelas, Andres Eloy"]
[Result "1/2-1/2"]
[WhiteElo "2134"]
[BlackElo "2069"]
[PlyCount "120"]
[EventDate "2018.04.19"]
[EventType "tourn"]
[EventRounds "9"]
[EventCountry "ARG"]
[EventCategory "1"]
[SourceTitle "CBM 184 Extra"]
[Source "ChessBase"]
[SourceDate "2018.06.28"]
[SourceVersion "1"]
[SourceVersionDate "2018.06.28"]
[SourceQuality "1"]

1. e4 Nf6 2. e5 Nd5 3. c4 Nb6 4. d4 d6 5. f4 dxe5 6. fxe5 Nc6 7. Be3 Bf5 8. Nc3 e6 9. Nf3 Be7 10. Be2 0-0 11. 0-0 f6 12. a3 fxe5 13. dxe5 Nd7 14. Qb3 Nc5 15. Bxc5 Bxc5+ 16. Kh1 Nd4 17. Nxd4 Qxd4 18. Na4 Qxe5 19. Nxc5 Qxe2 20. Rfe1 Qf2 21. Nd7 Rf7 22. Qxb7 Rd8 23. Ne5 Rf6 24. Rf1 Qe2 25. Rfe1 Qf2 26. Rf1 Qe2 27. Rfe1 Qh5 28. Qxc7 Rdf8 29. Nd7 R6f7 30. Qc6 Rd8 31. Ne5 Rf6 32. Qf3 Qh4 33. Rad1 Rd2 34. Qe3 Rxd1 35. Rxd1 h5 36. c5 Be4 37. Qg3 Qxg3 38. hxg3 Rf2 39. Nf3 Rxb2 40. Rc1 Rb8 41. c6 Bxf3 42. gxf3 Rc8 43. f4 Kf7 44. Kh2 Ke7 45. Kh3 Kd6 46. Kh4 Rxc6 47. Rd1+ Ke7 48. Kxh5 Rc3 49. g4 Kf6 50. Kh4 Rxa3 51. Rd7 Ra4 52. g5+ Kf5 53. Rxg7 Kxf4 54. g6 Kf5+ 55. Kh5 e5 56. Rg8 Ra1 57. Rf8+ Ke6 58. g7 Rh1+ 59. Kg6 Rg1+ 60. Kh7 Rh1+ 1/2-1/2

[Event "Caba Legislatura Cup"]
[Site "Caba"]
[Date "2018.04.10"]
[Round "5"]
[White "Perelman, Hernan"]
[Black "Alarcon Careaga, Gustavo"]
[Result "1-0"]
[WhiteElo "2308"]
[BlackElo "2134"]
[PlyCount "75"]
[EventDate "2018.04.06"]
[EventType "swiss"]
[EventRounds "9"]
[EventCountry "ARG"]
[SourceTitle "CBM 184 Extra"]
[Source "ChessBase"]
[SourceDate "2018.06.28"]
[SourceVersion "1"]
[SourceVersionDate "2018.06.28"]
[SourceQuality "1"]

1. d4 e6 2. c4 f5 3. g3 Nf6 4. Bg2 d5 5. Nf3 c6 6. 0-0 Nbd7 7. b3 Bd6 8. Ba3 Bxa3 9. Nxa3 0-0 10. Nc2 b6 11. Nb4 Bb7 12. Nd3 dxc4 13. bxc4 c5 14. Qa4 Ne4 15. e3 Qc7 16. Rac1 Rad8 17. Rfd1 Ndf6 18. Qa3 Ng4 19. Qb2 Ba8 20. Nfe5 Ng5 21. Bxa8 Rxa8 22. Qe2 Nf6 23. Nf4 Rfe8 24. h4 Nge4 25. Kg2 Rad8 26. f3 Nd6 27. Rc2 Nf7 28. Nxf7 Qxf7 29. Rcd2 cxd4 30. Rxd4 Rc8 31. Rd6 h6 32. Qd3 Rc7 33. Rd8 Rxd8 34. Qxd8+ Ne8 35. Rd6 Re7 36. h5 Kh7 37. Ng6 Rc7 38. Rxe6 1-0

[Event "Caba Legislatura Cup"]
[Site "Caba"]
[Date "2018.04.08"]
[Round "3"]
[White "Della Morte, German"]
[Black "Alarcon Careaga, Gustavo"]
[Result "1-0"]
[WhiteElo "2353"]
[BlackElo "2134"]
[PlyCount "85"]
[EventDate "2018.04.06"]
[EventType "swiss"]
[EventRounds "9"]
[EventCountry "ARG"]
[SourceTitle "CBM 184 Extra"]
[Source "ChessBase"]
[SourceDate "2018.06.28"]
[SourceVersion "1"]
[SourceVersionDate "2018.06.28"]
[SourceQuality "1"]

1. e4 c5 2. Nf3 e6 3. d4 cxd4 4. Nxd4 Nf6 5. Nc3 d6 6. g4 a6 7. g5 Nfd7 8. h4 b5 9. a3 Bb7 10. Bg2 Nc6 11. h5 Nxd4 12. Qxd4 Qb6 13. Qd1 Be7 14. f4 0-0-0 15. Qe2 Qc6 16. Rh3 Kb8 17. b3 f6 18. gxf6 Bxf6 19. Bb2 g5 20. Bh1 Qc5 21. e5 Qg1+ 22. Qf1 Qxf1+ 23. Kxf1 dxe5 24. Bxb7 Kxb7 25. Ne4 gxf4 26. Rd1 Be7 27. Rhd3 Kc6 28. Rd6+ Bxd6 29. Rxd6+ Kb7 30. Rxe6 Rhg8 31. c4 bxc4 32. bxc4 f3 33. c5 Rg2 34. c6+ Kc7 35. Bc3 Rb8 36. Ba5+ Nb6 37. Nc5 Rd8 38. Nd7 Rb2 39. Nxb6 Rxb6 40. Rf6 Rdb8 41. Kf2 e4 42. Ke3 Kc8 43. Rf8+ 1-0

[Event "Buenos Aires 111 Years Cup Buho 21th"]
[Site "Buenos Aires"]
[Date "2016.05.27"]
[Round "8.3"]
[White "Alarcon Careaga, Gustavo"]
[Black "Larrea, Manuel"]
[Result "1-0"]
[WhiteElo "2147"]
[BlackElo "2289"]
[PlyCount "65"]
[EventDate "2016.05.21"]
[EventType "tourn"]
[EventRounds "9"]
[EventCountry "ARG"]
[SourceTitle "EXT 2024"]
[Source "ChessBase"]
[SourceDate "2023.10.10"]
[SourceVersion "1"]
[SourceVersionDate "2023.10.10"]
[SourceQuality "1"]

1. e4 c5 2. Nf3 Nc6 3. d4 cxd4 4. Nxd4 Nf6 5. Nc3 e5 6. Ndb5 d6 7. Bg5 a6 8. Na3 Be6 9. Nc4 Rc8 10. Ne3 Be7 11. Bxf6 Bxf6 12. Ncd5 Bg5 13. Bc4 0-0 14. 0-0 g6 15. c3 Kh8 16. Qe2 Bh6 17. Rad1 f5 18. Nb6 Qxb6 19. Bxe6 Rce8 20. exf5 gxf5 21. Bxf5 Qc7 22. Qh5 Bxe3 23. fxe3 Rd8 24. Rf3 Rf7 25. e4 Rg7 26. Rd2 Qe7 27. Rfd3 Qf6 28. Rf3 Qe7 29. Qh6 Na5 30. b3 b5 31. Rdf2 Rdg8 32. g3 Re8 33. Bxh7 1-0

[Event "Monte Grande 1st"]
[Site "Monte Grande"]
[Date "2016.04.05"]
[Round "4"]
[White "Alarcon Careaga, Gustavo"]
[Black "Fell, Sebastian"]
[Result "1-0"]
[WhiteElo "2109"]
[BlackElo "2316"]
[PlyCount "95"]
[EventDate "2016.04.02"]
[EventType "tourn"]
[EventRounds "9"]
[EventCountry "ARG"]
[SourceTitle "CBM 171 Extra"]
[Source "ChessBase"]
[SourceDate "2016.04.26"]
[SourceVersion "1"]
[SourceVersionDate "2016.04.26"]
[SourceQuality "1"]

1. e4 c5 2. Nf3 d6 3. d4 cxd4 4. Nxd4 Nf6 5. Nc3 a6 6. Bg5 Nbd7 7. f4 Qa5 8. Qd2 b5 9. Bxf6 Nxf6 10. Bd3 Bb7 11. Nb3 Qc7 12. a3 g6 13. 0-0 Bg7 14. Rae1 0-0 15. Kh1 Rac8 16. Nd1 Nd7 17. c3 Nc5 18. Bc2 Rfd8 19. Nf2 Na4 20. Bb1 Ba8 21. f5 d5 22. fxg6 hxg6 23. e5 Nc5 24. Nxc5 Qxc5 25. Ng4 d4 26. Nh6+ Bxh6 27. Qxh6 Qc6 28. Be4 Qxe4 29. Rxe4 Bxe4 30. Qf4 Bd5 31. cxd4 Rc2 32. Rf2 Rdc8 33. h4 Rxf2 34. Qxf2 Kg7 35. Kh2 Rc6 36. Qe2 Rc4 37. Qd3 Rc6 38. Qd2 Rc4 39. Kg3 Rc6 40. Kf4 Rc8 41. g4 Rc4 42. h5 Rc8 43. hxg6 Kxg6 44. Kg3 Rc6 45. Qb4 Rc2 46. Qxe7 Rxb2 47. Qd6+ Be6 48. d5 1-0

[Event "Monte Grande 1st"]
[Site "Monte Grande"]
[Date "2016.04.02"]
[Round "1"]
[White "Barrientos Medina, Juan Carlos"]
[Black "Alarcon Careaga, Gustavo"]
[Result "0-1"]
[WhiteElo "2017"]
[BlackElo "2109"]
[PlyCount "118"]
[EventDate "2016.04.02"]
[EventType "tourn"]
[EventRounds "9"]
[EventCountry "ARG"]
[SourceTitle "CBM 171 Extra"]
[Source "ChessBase"]
[SourceDate "2016.04.26"]
[SourceVersion "1"]
[SourceVersionDate "2016.04.26"]
[SourceQuality "1"]

1. e4 c5 2. Nc3 Nc6 3. f4 g6 4. Nf3 Bg7 5. Bc4 e6 6. 0-0 Nge7 7. d3 0-0 8. f5 d5 9. Bb3 dxe4 10. f6 Bxf6 11. Nxe4 Bg7 12. Kh1 b6 13. Qe1 Nd4 14. Bg5 f5 15. Qh4 fxe4 16. Bxe7 Bf6 17. Bxf6 Qxf6 18. Qxe4 Bd7 19. Ng1 Qg5 20. Nh3 Qe7 21. Qe5 Rae8 22. Rae1 Rxf1+ 23. Rxf1 Rf8 24. Rxf8+ Qxf8 25. Nf4 Qf5 26. Qxf5 gxf5 27. Kg1 Kf7 28. Kf2 Bc6 29. Ne2 Nxb3 30. axb3 e5 31. g3 Kf6 32. Ke3 Kg5 33. c3 Bd5 34. d4 exd4+ 35. cxd4 Bxb3 36. dxc5 bxc5 37. Nf4 a5 38. Nd3 c4 39. Nc5 Kg4 40. Nd7 Kh3 41. Nf6 Kxh2 42. Kf4 a4 43. Nd5 Bc2 44. Nc3 h5 45. Ne2 Kg2 46. Nd4 Bd3 47. Nb5 Kh3 48. Nc3 Bc2 49. Nd5 h4 50. gxh4 Kxh4 51. Ne3 Bd3 52. Nxc4 Bxc4 53. Kxf5 Kg3 54. Ke4 Kf2 55. Kd4 Bb3 56. Kd3 Ke1 57. Kc3 Kd1 58. Kb4 Kc1 59. Ka3 Kb1 0-1

[Event "Buenos Aires Aloas Cup-B"]
[Site "Buenos Aires"]
[Date "2015.11.08"]
[Round "9"]
[White "Alarcon Careaga, Gustavo"]
[Black "Liascovich, Lucas Agustin"]
[Result "0-1"]
[WhiteElo "2144"]
[BlackElo "2485"]
[PlyCount "62"]
[EventDate "2015.11.01"]
[EventType "tourn"]
[EventRounds "9"]
[EventCountry "ARG"]
[EventCategory "3"]
[SourceTitle "CBM 169 Extra"]
[Source "ChessBase"]
[SourceDate "2015.12.18"]
[SourceVersion "1"]
[SourceVersionDate "2015.12.18"]
[SourceQuality "1"]

1. e4 c5 2. Nf3 Nc6 3. Bb5 Qb6 4. Nc3 e6 5. 0-0 Nge7 6. Re1 a6 7. Bf1 Ng6 8. d3 Be7 9. g3 0-0 10. Bg2 d6 11. h4 Bd7 12. h5 Nge5 13. Nd2 Nd4 14. f4 c4 15. fxe5 Nxc2+ 16. Kh2 cxd3 17. Nc4 Qd4 18. exd6 Bd8 19. Na3 Nxe1 20. Qxe1 b5 21. e5 Rc8 22. Nab1 b4 23. Ne4 Qxe5 24. Be3 Qxh5+ 25. Kg1 f5 26. Nf2 e5 27. Nxd3 f4 28. gxf4 exf4 29. Nxf4 Rxf4 30. Bxf4 Bb6+ 31. Be3 Re8 0-1

[Event "Buenos Aires Aloas Cup-B"]
[Site "Buenos Aires"]
[Date "2015.11.06"]
[Round "7"]
[White "Alarcon Careaga, Gustavo"]
[Black "Blit, Jacques"]
[Result "0-1"]
[WhiteElo "2144"]
[BlackElo "2349"]
[PlyCount "62"]
[EventDate "2015.11.01"]
[EventType "tourn"]
[EventRounds "9"]
[EventCountry "ARG"]
[EventCategory "3"]
[SourceTitle "CBM 169 Extra"]
[Source "ChessBase"]
[SourceDate "2015.12.18"]
[SourceVersion "1"]
[SourceVersionDate "2015.12.18"]
[SourceQuality "1"]

1. e4 c5 2. Nf3 Nc6 3. Bb5 g6 4. Bxc6 bxc6 5. 0-0 Bg7 6. c3 Nf6 7. Re1 0-0 8. d4 cxd4 9. cxd4 d6 10. Nc3 Bg4 11. Be3 Nd7 12. Qd2 Bxf3 13. gxf3 Re8 14. Rac1 Qa5 15. f4 Qh5 16. Qe2 Qh4 17. Qf3 Rab8 18. b3 e5 19. fxe5 c5 20. Qg3 Qh5 21. dxc5 Nxe5 22. Red1 dxc5 23. Rd5 Rbd8 24. Kg2 Rxd5 25. Nxd5 Ng4 26. Rxc5 Nxe3+ 27. Qxe3 Qg4+ 28. Kf1 Qd1+ 29. Kg2 Bd4 30. Qh6 Qg4+ 31. Kf1 Qxe4 0-1

[Event "Donihue U2200 op"]
[Site "Donihue"]
[Date "2014.01.31"]
[Round "2"]
[White "Alarcon Careaga, Gustavo"]
[Black "Gutierrez Montes, Sebastian"]
[Result "0-1"]
[WhiteElo "2141"]
[BlackElo "1935"]
[PlyCount "80"]
[EventDate "2014.01.31"]
[EventType "swiss"]
[EventRounds "7"]
[EventCountry "CHI"]
[SourceTitle "EXT 2015"]
[Source "ChessBase"]
[SourceDate "2014.11.20"]
[SourceVersion "1"]
[SourceVersionDate "2014.11.20"]
[SourceQuality "1"]

1. e4 c5 2. Nf3 d6 3. d4 cxd4 4. Nxd4 Nf6 5. Nc3 a6 6. Bg5 e6 7. f4 Be7 8. Qf3 Qc7 9. 0-0-0 b5 10. Bxf6 gxf6 11. f5 b4 12. Nce2 e5 13. Nb3 a5 14. Kb1 a4 15. Nd2 Nd7 16. c4 Nc5 17. g4 Bb7 18. Ng3 0-0-0 19. Bg2 Kb8 20. Rhe1 Rc8 21. Rc1 Qa5 22. Red1 Rc7 23. Qe3 Rhc8 24. Bf1 Bd8 25. Qh6 Qa8 26. Re1 Rd7 27. Qxh7 Ba5 28. b3 Bb6 29. Rc2 Bc6 30. Qh6 Ra7 31. Qe3 Kc7 32. Qf3 axb3 33. Rb2 Rxa2 34. Nxb3 Rxb2+ 35. Kxb2 Qa3+ 36. Kc2 Nxb3 37. Qd3 Nd4+ 38. Kb1 b3 39. Rd1 Qa2+ 40. Kc1 b2+ 0-1

[Event "CHI-ch sf Centro"]
[Site "Santiago de Chile"]
[Date "2014.01.23"]
[Round "2"]
[White "Ruiz Olate, Emily Andrea"]
[Black "Alarcon Careaga, Gustavo"]
[Result "1/2-1/2"]
[WhiteElo "1853"]
[BlackElo "2141"]
[PlyCount "46"]
[EventDate "2014.01.22"]
[EventType "swiss"]
[EventRounds "7"]
[EventCountry "CHI"]
[SourceTitle "CBM 158 Extra"]
[Source "ChessBase"]
[SourceDate "2014.02.28"]
[SourceVersion "1"]
[SourceVersionDate "2014.02.28"]
[SourceQuality "1"]

1. Nf3 c5 2. g3 Nc6 3. Bg2 g6 4. d4 cxd4 5. Nxd4 Bg7 6. Nxc6 bxc6 7. 0-0 Qb6 8. c3 Ba6 9. Re1 h5 10. Qc2 Rb8 11. b4 Nf6 12. Be3 Qb7 13. a4 Bc4 14. Bd4 Qc7 15. Nd2 Ba6 16. Ne4 e5 17. Bc5 Nxe4 18. Qxe4 f5 19. Qh4 d6 20. Be3 0-0 21. b5 f4 22. gxf4 exf4 23. Bxf4 cxb5 1/2-1/2

[Event "Wch U18"]
[Site "Al Ain"]
[Date "2013.12.23"]
[Round "10"]
[White "Alarcon Careaga, Gustavo"]
[Black "Schreiner, Till"]
[Result "1/2-1/2"]
[WhiteElo "2133"]
[BlackElo "2304"]
[PlyCount "46"]
[EventDate "2013.12.18"]
[EventType "swiss"]
[EventRounds "11"]
[EventCountry "UAE"]
[SourceTitle "CBM 158 Extra"]
[Source "ChessBase"]
[SourceDate "2014.02.28"]
[SourceVersion "1"]
[SourceVersionDate "2014.02.28"]
[SourceQuality "1"]

1. e4 c5 2. Nf3 d6 3. d4 cxd4 4. Nxd4 Nf6 5. Nc3 a6 6. Bg5 e6 7. f4 Nbd7 8. Qf3 Qc7 9. 0-0-0 b5 10. e5 Bb7 11. Qh3 dxe5 12. Nxe6 fxe6 13. Qxe6+ Be7 14. Bxb5 axb5 15. Nxb5 Qb6 16. Nd6+ Kd8 17. Bxf6 Bxf6 18. Nf7+ Kc8 19. Rd6 Qb5 20. c4 Qa4 21. Rhd1 exf4 22. Rxd7 Bxb2+ 23. Kxb2 Qb4+ 1/2-1/2

[Event "Wch U18"]
[Site "Al Ain"]
[Date "2013.12.22"]
[Round "6"]
[White "Rygg, Snorre"]
[Black "Alarcon Careaga, Gustavo"]
[Result "0-1"]
[WhiteElo "1838"]
[BlackElo "2133"]
[PlyCount "138"]
[EventDate "2013.12.18"]
[EventType "swiss"]
[EventRounds "11"]
[EventCountry "UAE"]
[SourceTitle "CBM 158 Extra"]
[Source "ChessBase"]
[SourceDate "2014.02.28"]
[SourceVersion "1"]
[SourceVersionDate "2014.02.28"]
[SourceQuality "1"]

1. d4 d5 2. c4 c6 3. Nc3 Nf6 4. Nf3 e6 5. Bg5 dxc4 6. e4 b5 7. a4 Bb4 8. e5 h6 9. exf6 hxg5 10. fxg7 Rg8 11. h4 gxh4 12. Rxh4 Qf6 13. Rh8 Qxg7 14. Rxg8+ Qxg8 15. Qc2 Bb7 16. 0-0-0 a6 17. Ne4 Nd7 18. b3 cxb3 19. Qxb3 Be7 20. Ne5 Rd8 21. f4 Qh7 22. Bd3 Qh2 23. g3 Nxe5 24. dxe5 Kf8 25. Rd2 Qh1+ 26. Rd1 Qf3 27. Qc2 Ba3+ 28. Kb1 Rd4 29. Nc5 Rb4+ 30. Ka1 Rb2 31. Nd7+ Ke7 32. Be4 Rxc2 33. Bxf3 Rc3 34. Be4 Rc4 35. Nf6 Rc1+ 36. Rxc1 Bxc1 37. axb5 axb5 38. Kb1 Be3 39. Kc2 Kd8 40. Nh7 Bf2 41. g4 Bg3 42. Ng5 Bxf4 43. Nxf7+ Ke7 44. Nd6 Ba8 45. Nxb5 Bxe5 46. Na3 Kf6 47. Nc4 Bc7 48. Kd3 Kg5 49. Bf3 Kf4 50. Ke2 Bb7 51. Kf2 Ba6 52. Be2 Bb5 53. Ke1 e5 54. Kd2 e4 55. Kc3 c5 56. Kd2 Bd7 57. g5 Kxg5 58. Ke3 Bc6 59. Bf1 Bf4+ 60. Kf2 Bc7 61. Ke3 Bh2 62. Be2 Bg1+ 63. Kd2 Kh4 64. Kc3 Bd4+ 65. Kd2 Bb5 66. Kc2 Kg3 67. Kb3 Kf2 68. Bg4 e3 69. Nd6 Bd3 0-1

[Event "Wch U18"]
[Site "Al Ain"]
[Date "2013.12.21"]
[Round "5"]
[White "Alarcon Careaga, Gustavo"]
[Black "Igambergenov, Alibek"]
[Result "0-1"]
[WhiteElo "2133"]
[BlackElo "2323"]
[PlyCount "98"]
[EventDate "2013.12.18"]
[EventType "swiss"]
[EventRounds "11"]
[EventCountry "UAE"]
[SourceTitle "CBM 158 Extra"]
[Source "ChessBase"]
[SourceDate "2014.02.28"]
[SourceVersion "1"]
[SourceVersionDate "2014.02.28"]
[SourceQuality "1"]

1. e4 e6 2. d4 d5 3. Nd2 Nf6 4. e5 Nfd7 5. Bd3 c5 6. c3 Nc6 7. Ne2 cxd4 8. cxd4 f6 9. exf6 Qxf6 10. Nf3 h6 11. 0-0 Bd6 12. Bc2 0-0 13. a3 Rd8 14. Ng3 Nf8 15. Re1 Bd7 16. Nh5 Qf7 17. Ne5 Nxe5 18. dxe5 Bc5 19. Nf4 Rac8 20. b4 Bb6 21. Bd3 a6 22. Ra2 Bb5 23. Bb1 Rc4 24. a4 Be8 25. Qd2 Qe7 26. Bd3 Rxb4 27. Ba3 Bc5 28. Rc1 Rxf4 29. Bxc5 Qf7 30. g3 Rxa4 31. Rxa4 Bxa4 32. Qa5 Qe8 33. Bxf8 Kxf8 34. Bg6 Qxg6 35. Qxd8+ Qe8 36. Qd6+ Kg8 37. Rc7 Bc6 38. Re7 Qg6 39. Qxe6+ Qxe6 40. Rxe6 Kf7 41. Rd6 a5 42. Rd8 a4 43. Kf1 a3 44. Ke1 Ba4 45. Rc8 a2 46. Rc1 Bc2 47. Ra1 Bb1 48. Kd2 d4 49. Kc1 d3 0-1

[Event "Wch U18"]
[Site "Al Ain"]
[Date "2013.12.19"]
[Round "2"]
[White "Hu, Ting Rey"]
[Black "Alarcon Careaga, Gustavo"]
[Result "0-1"]
[WhiteElo "1562"]
[BlackElo "2133"]
[PlyCount "39"]
[EventDate "2013.12.18"]
[EventType "swiss"]
[EventRounds "11"]
[EventCountry "UAE"]
[SourceTitle "CBM 158 Extra"]
[Source "ChessBase"]
[SourceDate "2014.02.28"]
[SourceVersion "1"]
[SourceVersionDate "2014.02.28"]
[SourceQuality "1"]

1. e4 c5 2. Nf3 e6 3. d4 cxd4 4. Nxd4 a6 5. Nc3 b5 6. Be3 Bb7 7. f3 Qc7 8. Qd2 Nf6 9. Be2 Nc6 10. a3 Na5 11. 0-0 Be7 12. Nb3 Nc4 13. Bxc4 bxc4 14. Nd4 0-0 15. Nce2 d5 16. exd5 Nxd5 17. c3 Nxe3 18. Qxe3 e5 19. Kh1 exd4 20. Nxd4 0-1

[Event "Wch U18"]
[Site "Al Ain"]
[Date "2013.12.18"]
[Round "1"]
[White "Alarcon Careaga, Gustavo"]
[Black "Bajarani, Ulvi"]
[Result "0-1"]
[WhiteElo "2133"]
[BlackElo "2500"]
[PlyCount "50"]
[EventDate "2013.12.18"]
[EventType "swiss"]
[EventRounds "11"]
[EventCountry "UAE"]
[SourceTitle "CBM 158 Extra"]
[Source "ChessBase"]
[SourceDate "2014.02.28"]
[SourceVersion "1"]
[SourceVersionDate "2014.02.28"]
[SourceQuality "1"]

1. e4 e6 2. d4 d5 3. Nd2 Be7 4. e5 c5 5. c3 Nc6 6. Ndf3 cxd4 7. cxd4 Bb4+ 8. Bd2 Qa5 9. a3 Bxd2+ 10. Qxd2 Qxd2+ 11. Kxd2 Bd7 12. Re1 Nge7 13. Bd3 0-0 14. Ne2 Rac8 15. Bb5 Nxe5 16. Nxe5 Bxb5 17. Nc3 Bc6 18. Rc1 a6 19. b3 Nf5 20. Kd3 Nd6 21. f3 Rfe8 22. g3 Rc7 23. Rc2 Rec8 24. Rhc1 Be8 25. a4 f6 0-1

[Event "Wch U18"]
[Site "Maribor"]
[Date "2012.11.16"]
[Round "9.45"]
[White "Janzekovic, Klemen Tilen"]
[Black "Alarcon Careaga, Gustavo"]
[Result "0-1"]
[WhiteElo "1905"]
[BlackElo "2072"]
[PlyCount "120"]
[EventDate "2012.11.08"]
[EventType "swiss"]
[EventRounds "11"]
[EventCountry "SLO"]
[SourceTitle "EXT 2013"]
[Source "ChessBase"]
[SourceDate "2012.11.22"]
[SourceVersion "1"]
[SourceVersionDate "2012.11.22"]
[SourceQuality "1"]

1. e4 c5 2. Nf3 d6 3. d4 cxd4 4. Nxd4 Nf6 5. Nc3 a6 6. f3 e5 7. Nb3 Be6 8. Be3 Nbd7 9. Qd2 Be7 10. 0-0-0 b5 11. g4 Nb6 12. g5 Nfd7 13. Nd5 Bxd5 14. exd5 Rc8 15. Kb1 Qc7 16. f4 Na4 17. Bh3 exf4 18. Bxf4 0-0 19. Nd4 Ndb6 20. Bxc8 Nc4 21. Qb4 Ncxb2 22. Rde1 Rxc8 23. Nc6 Bf8 24. Re4 Qd7 25. Rhe1 Kh8 26. Bc1 Nb6 27. Qxb2 Nxd5 28. Nd4 Nc3+ 29. Ka1 Nxe4 30. Rxe4 d5 31. Rf4 Kg8 32. Nf5 Qc7 33. Kb1 Re8 34. Qd4 Re2 35. Qd3 Re1 36. Qd2 Qe5 37. Nd4 Ba3 38. Rf5 Bxc1 39. Rxe5 Bxd2+ 40. Rxe1 Bxe1 41. Kb2 f6 42. gxf6 gxf6 43. Ne6 Ba5 44. Nc5 Bc7 45. h3 a5 46. Kc3 Be5+ 47. Kd3 Kf7 48. Nb7 a4 49. Nd8+ Ke7 50. Nc6+ Kd6 51. Nb4 Kc5 52. Na6+ Kd6 53. Nb4 Bb2 54. c3 Ba3 55. Nc2 Bc5 56. Ne1 Ke5 57. Ng2 f5 58. Nh4 Kf4 59. Ke2 Bd6 60. Ng2+ Ke4 0-1

[Event "Wch U18"]
[Site "Maribor"]
[Date "2012.11.12"]
[Round "6.33"]
[White "Alarcon Careaga, Gustavo"]
[Black "Ben Artzi, Ido"]
[Result "0-1"]
[WhiteElo "2072"]
[BlackElo "2298"]
[PlyCount "116"]
[EventDate "2012.11.08"]
[EventType "swiss"]
[EventRounds "11"]
[EventCountry "SLO"]
[SourceTitle "EXT 2013"]
[Source "ChessBase"]
[SourceDate "2012.11.22"]
[SourceVersion "1"]
[SourceVersionDate "2012.11.22"]
[SourceQuality "1"]

1. e4 e5 2. Nf3 Nc6 3. Bb5 a6 4. Ba4 Nf6 5. 0-0 Be7 6. Re1 b5 7. Bb3 d6 8. c3 0-0 9. h3 Nb8 10. d4 Nbd7 11. Nbd2 Bb7 12. Bc2 Re8 13. Nf1 Bf8 14. Ng3 g6 15. a4 c5 16. h4 Bg7 17. d5 c4 18. Nh2 h5 19. Be3 Nh7 20. Nf3 Bf6 21. Qe2 Qc7 22. Nf1 Nc5 23. N1d2 Reb8 24. Ng5 Bc8 25. Nxh7 Kxh7 26. g3 Bg4 27. f3 Bd7 28. a5 Rf8 29. Qf2 Bg7 30. Kh2 Rae8 31. Rg1 f5 32. Raf1 Nd3 33. Bb6 Qc8 34. Bxd3 cxd3 35. Qg2 Bh6 36. Re1 f4 37. g4 hxg4 38. fxg4 f3 39. Nxf3 Bxg4 40. Qxg4 Qxg4 41. Ng5+ Bxg5 42. Rxg4 d2 43. Rd1 Bf4+ 44. Kg2 Rc8 45. Kf3 b4 46. c4 Rxc4 47. Be3 Rc2 48. Bxf4 Rxb2 49. Kg2 exf4 50. Kf3 Rb3+ 51. Ke2 Re3+ 52. Kxd2 Rxe4 53. Kd3 Re3+ 54. Kd2 Rg3 55. Rg1 Rxg1 56. Rxg1 f3 57. Kc2 f2 58. Rf1 Kh6 0-1

[Event "Pan American-ch U16"]
[Site "Cali"]
[Date "2011.07.06"]
[Round "6"]
[White "Alarcon Careaga, Gustavo"]
[Black "Principe, Alexander"]
[Result "1-0"]
[WhiteElo "1862"]
[BlackElo "2091"]
[PlyCount "49"]
[EventDate "2011.07.03"]
[EventType "swiss"]
[EventRounds "9"]
[EventCountry "COL"]
[SourceTitle "CBM 143 Extra"]
[Source "ChessBase"]
[SourceDate "2011.08.29"]
[SourceVersion "1"]
[SourceVersionDate "2011.08.29"]
[SourceQuality "1"]

1. e4 e6 2. d4 d5 3. Nd2 Nf6 4. e5 Nfd7 5. Bd3 c5 6. c3 b6 7. Ne2 Ba6 8. Bxa6 Nxa6 9. 0-0 Nc7 10. f4 f5 11. exf6 Nxf6 12. Ng3 Bd6 13. Nf3 0-0 14. Ne5 cxd4 15. cxd4 Nb5 16. Be3 Bc7 17. Rc1 Qe7 18. Rc6 Nd6 19. Qc2 Bb8 20. f5 exf5 21. Bg5 g6 22. Qb3 Nde8 23. Bxf6 Rxf6 24. Qxd5+ Kh8 25. Rxf6 1-0